Open Data Biblioteca Nacional de Portugal


República Portuguesa: Ministério da Cultura
Biblioteca Nacional de Portugal

Catálogo da BNP: acesso por Identificadores Unívocos
Registos Bibliográficos associados ao registo de autoridade

Etiqueta de registo: 00254nam 2200025 450
001 2289534
003 http://id.bnportugal.gov.pt/bib/catbnp/2289534
010 ## $a978-989-783-735-7
021 ## $aPT$b564035/26
100 ## $a20260703d2026 m y0pory01030103ba
101 1# $apor$cfre
102 ## $aPT
105 ## $aa z 000yy
106 ## $ar
200 1# $a O gato das botas e outros contos$fCharles Perrault$gil. Carl Offerdinger... [et al.]$gtrad. Ana Cardoso Pires, Júlia Ferreira, José Cláudio
205 ## $a1ª ed
210 #9 $aLisboa$cRelógio D'Água,$d2026
215 ## $a56, [4 p.$cil.$d21cm
225 2# $aUniversos mágicos
304 ## $aTít. orig.: Le maître chat ou le chat à la botté
700 #0 $aPerrault,$f1628-1703$361766
702 #1 $aOffterdinger,$bCarl$4440$32002560
702 #1 $aPires,$bAna Cardoso$4730$388461
702 #1 $aFerreira,$bJúlia$4730$3139644
702 #1 $92$aCláudio,$bJosé$4730$3224770
801 #0 $aPT$bBN$gRPC
966 ## $lBN$mFGMON$x1
966 ## $lBN$mFGMON$x1
971 ## $cisantos$d20260703

OpendataBNP@bnportugal.pt | Mais informação sobre acesso aos dados BNP